Normal view
MARC view
- Education
Entry Topical Term
001 - CONTROL NUMBER
- control field: 32888
003 - CONTROL NUMBER IDENTIFIER
- control field: OSt
005 - DATE AND TIME OF LATEST TRANSACTION
- control field: 20181205115429.0
008 - FIXED-LENGTH DATA ELEMENTS
- fixed length control field: 181205|| aca||aabn | a|a d
040 ## - CATALOGING SOURCE
- Original cataloging agency: OSt
- Transcribing agency: OSt
150 ## - HEADING--TOPICAL TERM
- Topical term or geographic name entry element: Education
- General subdivision: Curricula
670 ## - SOURCE DATA FOUND
- Source citation: Work cat.: (OSt): Bueno, David Cababaro 17113, Fundamentals of curriculum theory and development :, ©2016.
